| 000 | 00322nam a2200133 i 4500 | ||
|---|---|---|---|
| 001 | bg | ||
| 100 | 1 | _aINIHOV, G. N. | |
| 245 | 0 |
_aAlfa-, beta-, gamma- i nejtronnye izlučateli / _cG.N. Inichov. |
|
| 260 |
_aMoskva, _c1963. |
||
| 040 | _cBPK | ||
| 041 | _apol | ||
| 942 | _cKS | ||
| 008 | s pl f |000 0 pol | ||
| 999 |
_c12838 _d12838 |
||
| 856 |
_uhttp://koha.tu.koszalin.pl/cgi-bin/koha/opac-detail.pl?biblionumber=12838 _yKatalog online BPK |
||